| 000 | 02042cam a2200313 i 4500 | ||
|---|---|---|---|
| 999 |
_c200459393 _d77605 |
||
| 001 | 200459393 | ||
| 003 | TR-AnTOB | ||
| 005 | 20240212110541.0 | ||
| 007 | ta | ||
| 008 | 211021s2021 tu 000 0 tur d | ||
| 020 | _a9786257598323 | ||
| 040 |
_aIU _beng _erda _cIU _dTR-AnTOB |
||
| 041 | 0 | _atur | |
| 050 | 1 | _aKKX3800 | |
| 090 |
_aKKX3800 _b.B39 2021 v.9 |
||
| 100 | 1 |
_aBayraktar, Köksal _eauthor _9122005 |
|
| 245 | 1 | 0 |
_aÖzel ceza hukuku : _bcilt IX : kamu idaresinin güvenilirliğine ve işleyişine karşı suçlar (TCK m.247-266) / _cProf. Dr. Köksal Bayraktar...[and twelve others]. |
| 264 | 1 |
_aİstanbul : _bOniki Levha Yayınları, _c2021. |
|
| 300 |
_axxiii, 444 pages ; _c24 cm |
||
| 336 |
_2rdacontent _atext _btxt |
||
| 337 |
_2rdamedia _aunmediated _bn |
||
| 338 |
_2rdacarrier _avolume _bnc |
||
| 490 | 0 |
_aOn İki Levha Yayınları ; _v1745 |
|
| 505 | _aKamu İdaresinin Güvenilirliği ve İşleyişine Karşı Suçlar- Kamu İdaresinin Güvenilirliği ve İşleyişine Karşı Suçların Genel Özellikleri- Zimmet- İrtikap Suçu- Denetim Görevinin İhmali- Rüşvet- Nüfuz Ticareti- Zor Kullanma Yetkisine İlişkin Sınırın Aşılması- Görevi Kötüye Kullanma- Göreve İlişkin Sırrın Açıklanması- Kamu Görevlisinin Ticareti Suçu- Kamu Görevinin Terki Veya Yapılmaması Suçu- Kişilerin Malları Üzerinde Usulsüz Tasarruf- Kamu Görevinin Usulsüz Olarak Üstlenilmesi- Özel İşaret ve Kıyafetleri Usulsüz Kullanma- Görevi Yaptırmamak İçin Direnme. | ||
| 505 | _aYazar(lar): Prof Dr. Köksal Bayraktar , Prof. Dr. Vesile Sonay Evik , Prof. Dr. Zeynel T. Kangal , Prof. Dr. Pınar Memiş Kartal , Prof. Dr. Ali Kemal Yıldız , Prof. Dr. Hamide Zafer , Prof. Dr. Eylem Aksoy Retornaz , Doç. Dr. Güçlü Akyürek , Doç. Dr. Gülşah Bostancı Bozbayındır , Doç. Dr. Ali Hakan Evik , Dr. Öğr. Üy. Asuman Aytekin İnceoğlu , Dr. Öğr. Üy. Sinan Altunç , Dr. Öğr. Üyesi Fulya Eroğlu | ||
| 650 |
_aCeza hukuku _958325 |
||
| 942 |
_2lcc _cBK |
||